[Event "SFR-ch Seniors"]
[Site "Novosibirsk"]
[Date "2008.10.15"]
[Round "8"]
[White "Bychkov, Leonid Fedorovich"]
[Black "Kaigorodov, Timofei"]
[Result "1-0"]
[WhiteElo "1875"]
[BlackElo "1780"]
[PlyCount "87"]
[EventDate "2008.10.08"]
[EventType "swiss"]
[EventRounds "9"]
[EventCountry "RUS"]
[SourceTitle "EXT 2022"]
[Source "ChessBase"]
[SourceDate "2021.10.06"]
[SourceVersion "1"]
[SourceVersionDate "2021.10.06"]
[SourceQuality "1"]

1. d4 Nf6 2. Nf3 e6 3. c4 d5 4. g3 Ne4 5. Bg2 Bb4+ 6. Nbd2 0-0 7. Qc2 f5 8. a3 Be7 9. Ne5 c6 10. 0-0 Nd7 11. f3 Nef6 12. e4 Qb6 13. Nxd7 Qxd4+ 14. Kh1 Bxd7 15. cxd5 cxd5 16. Nb3 Qb6 17. Nd2 dxe4 18. fxe4 Ng4 19. Nc4 Qc7 20. exf5 Rac8 21. Qd3 Bb5 22. b3 Ne5 23. Qe4 Bxc4 24. bxc4 exf5 25. Rxf5 Rxf5 26. Qxf5 Nxc4 27. Be4 g6 28. Qe6+ Kg7 29. Bf4 Bd6 30. Bxd6 Nxd6 31. Qe5+ Kg8 32. Bd5+ Nf7 33. Qe6 Rf8 34. Rf1 b6 35. h4 Kg7 36. Qf6+ Kg8 37. Kg2 b5 38. h5 gxh5 39. Rf5 h6 40. Rxh5 Qc2+ 41. Kh3 Qc8+ 42. Be6 Qe8 43. Rxh6 Qxe6+ 44. Qxe6 1-0

[Event "SFR-ch Seniors"]
[Site "Novosibirsk"]
[Date "2008.10.13"]
[Round "6"]
[White "Chesnokov, Gennady"]
[Black "Kaigorodov, Timofei"]
[Result "1-0"]
[WhiteElo "2020"]
[BlackElo "1780"]
[PlyCount "76"]
[EventDate "2008.10.08"]
[EventType "swiss"]
[EventRounds "9"]
[EventCountry "RUS"]
[SourceTitle "EXT 2022"]
[Source "ChessBase"]
[SourceDate "2021.10.06"]
[SourceVersion "1"]
[SourceVersionDate "2021.10.06"]
[SourceQuality "1"]

1. e4 c5 2. f4 e5 3. d3 d6 4. Nf3 Nc6 5. Be2 g6 6. fxe5 dxe5 7. 0-0 Bg7 8. Nc3 Nge7 9. Be3 Nd4 10. Qd2 0-0 11. Nd1 b6 12. c3 Ne6 13. g3 f5 14. Bh6 f4 15. Bxg7 Kxg7 16. Nxe5 fxg3 17. hxg3 Rxf1+ 18. Kxf1 Qd6 19. Ng4 Qxg3 20. Qh6+ Kh8 21. Ndf2 Qf4 22. Rd1 Ng5 23. Qh2 Qxh2 24. Nxh2 Be6 25. a3 Rf8 26. Kg2 h5 27. Rh1 Kg7 28. Nf3 Nxf3 29. Bxf3 Nc6 30. Be2 Rd8 31. Kg3 Rf8 32. Rh2 Kh6 33. Bg4 Rxf2 34. Bxe6 Rxh2 35. Kxh2 Ne5 36. d4 cxd4 37. cxd4 Nf3+ 38. Kg3 Nxd4 1-0